Chvastúň komédia v 4 dejstvách s predohrou
| Main Author: | |
|---|---|
| Other Authors: | , |
| Format: | Book |
| Language: | Slovak German Latin |
| PhysicalDescription: | 221, [2] s. 8° |
| Published: |
Bratislava
Slovenské vydavateľstvo krásnej literatúry
1962
|
| Series: | Divadelné hry
|
| Subjects: |
MARC
| LEADER | 00000cam a2200000 a 4500 | ||
|---|---|---|---|
| 001 | vtls008353264 | ||
| 003 | SK-MaSNL | ||
| 005 | 20260301204819.0 | ||
| 008 | 181128s1962 xo n 000 d slo | ||
| 015 | |a SNBA1962/10-02056 | ||
| 020 | |q (viaz.) | ||
| 035 | |a SK01SNK19620045481 | ||
| 035 | |a SKM000047944 | ||
| 040 | |a SNK |b slo |c SNK |e AACR2 | ||
| 041 | 1 | |a slo |h ger |h lat | |
| 044 | |a xo |c SK | ||
| 080 | |a 871-2 |2 1981 | ||
| 100 | 1 | |a Plautus, Titus Maccius, |d asi 254 pred Kr.-asi 184 pred Kr |4 aut |9 223115 | |
| 240 | 1 | 0 | |a Ausgewählte Komödien |l Slovensky |
| 245 | 1 | 0 | |a Chvastúň |b komédia v 4 dejstvách s predohrou |c Titus Maccius Plautus ; z latinského originálu podľa vydania Ausgewählte Komödien ... preložil Ignác Šafár ; doslov napísal Ján Rak |
| 260 | |a Bratislava |b Slovenské vydavateľstvo krásnej literatúry |c 1962 |e Banská Bystrica |f Tlačiarne SNP | ||
| 300 | |a 221, [2] s. |c 8° | ||
| 366 | |e 900 výtl. | ||
| 490 | 1 | |a Divadelné hry |v zv. 67 | |
| 504 | |a Bibliogr. odkazy | ||
| 655 | 7 | |a latinské drámy |2 SNKPH |9 279264 | |
| 655 | 7 | |a divadelné komédie |2 SNKPH |9 186013 | |
| 700 | 1 | |a Šafár, Ignác, |d 1912-1981 |4 trl |9 109836 | |
| 700 | 1 | |a Rak, Ján, |d 1915-1969 |4 aui |9 89890 | |
| 730 | |a Ausgewählte Komödien |9 590091 | ||
| 830 | 0 | |a Divadelné hry |9 307795 | |
| 958 | |a TL | ||
| 958 | |a RK | ||
| 958 | |a SP | ||
| 958 | |a LX | ||
| 958 | |a UP | ||
| 958 | |a DE | ||
| 958 | |a NB | ||
| 999 | |c 907849 |d 909779 | ||
| 952 | |a SNK |b SNK |y PREZ |7 0 |p 17A0726634 |o snkSD 22606 |0 0 |1 0 |4 0 |d 2011-11-16 |l 0 |r 2026-02-24 07:34:42 |w 2026-02-24 | ||
| 952 | |t P60, <05>, [BOOK], {605} |a SNK |b SNK |y PREZ |7 0 |p 17A0115275 |o snkSD 22606 D1 |0 0 |1 0 |4 0 |d 1998-01-09 |l 0 |r 2005-01-02 00:00:00 |w 2026-02-24 | ||


